00599nam a2200145 a 450000100100000000500170001000800410002704000250006824500830009326000390017630000200021571000960023595201050033199900170043600004656420201002052949.0150826s20uu dr 000 0 spa d aDO-SdBNPbspacBNPHU03aLa escuela como centro de construcción de una cultura de tolerancia y paz /. aSanto Domingo :bCOOPAMA,c[200?]. a20 p. ;c21 cm.2 aCooperativa Nacional de Servicios Múltiples de los Maestros(República Dominicana974554 0010718PDaPDbPDcHDd2015-08-26iLF1l0o p46564-10r2020-06-25w2020-06-25yLFPDZNo se presta c46053d46053